00902 2200217 4500001002100000005001500021035002000036245012700056100002300183250001700206300002800223700002800251700002700279700002500306260004400331082001000375084001600385020002200401650001700423520024400440INLIS00000000000109120250503080936 a0010-05250000351 aKomik Next G :bBioskop Horor /cRatna Atsilah Ezza, Adzkia Syahidah Warsino, Syarifah Utsula Azka F, Faizah Putri Miresti0 aRatna Atsilah Ezza aCetakan ke-1 a96 hlm :bIlus ;c21 cm0 aAdzkia Syahidah Warsino0 aSyarifah Utsula Azka F0 aFaizah Putri Miresti aBandung :bPT Cerita Anak Bangsa,c2021 a741.5 a741.5 RAT k a978-602-367-867-9 4aKomik Bacaan aVina diajak oleh lala untuk nonton film pertandingan di bioskop. dan ini pertama kalinya vina ke bioskop. ternyata, banyak hal menarik yang vina dan lala temukan disana. termasuk sebuah pintu teater yang mengeluarkan suara-suara misterius.